Joueurs argentins ayant joué au Benfica Lisbonne - Statistiques

Statistiques générales
  • Ce quiz a été pris 12 fois
  • Le résultat moyen est 8 sur 28
Statistiques - réponses
Année d'arrivée Année de départ Club précédant Club suivant Nombre de match Joueurs % Correct
2023 2025 Juventus Turin CA Rosario Central 92 Ángel Di María
100%
2007 2010 CA Rosario Central Real Madrid 124 Ángel Di María
100%
2020 En cours Manchester City En cours 281 Nicolás Otamendi
100%
2022 2023 CA River Plate Chelsea FC 29 Enzo Fernández
80%
2011 2013 Racing Club CD Godoy Cruz AT 3 José Luis Fernández
70%
2024 En cours CA Vélez Sarsfield En cours 56 Gianluca Prestianni
50%
2025 2026 Aston Villa Aston Villa 43 Enzo Barrenechea
40%
2010 2019 Atlético de Madrid CA Boca Juniors 266 Eduardo Salvio
30%
2011 2014 Club Estudiantes de La Plata Valence CF 117 Enzo Pérez
30%
2011 2014 Real Madrid Zénith Saint-Petersbourg 136 Ezequiel Garay
30%
2008 2013 Real Saragosse Johor Darul Ta'zim 179 Pablo Aimar
30%
2016 2021 CA Rosario Central Celta Vigo 172 Franco Cervi
20%
2013 2018 Arsenal de Sarandí CA Boca Juniors 94 Lisandro López
20%
2010 2016 CA Boca Juniors Atlético de Madrid 253 Nico Gaitán
20%
2024 2025 Club Estudiantes de La Plata Santos FC 27 Benjamín Rollheiser
10%
1994 1995 Suspension CA Boca Juniors 31 Claudio Caniggia
10%
2018 2021 Shakhtar Donetsk Celta Vigo 12 Facundo Ferreyra
10%
2018 2023 CA Colón Lokomotiv Moscou 10 Germán Conti
10%
2009 2012 Real Madrid Málaga CF 122 Javier Saviola
10%
2007 2008 CA Rosario Central CA Banfield 3 Andrés Díaz
0%
1999 2004 Club Estudiantes de La Plata CA Lanús 23 Carlos Bossio
0%
2018 2020 CA Belgrano Damac FC 2 Cristian Lema
0%
2010 2015 Arsenal de Sarandí Olympiakós Le Pirée 47 Franco Jara
0%
2007 2008 Racing Club CA San Lorenzo de Almagro 9 Gonzalo Bergessio
0%
2009 2012 Racing Club Sans club 6 José Shaffer
0%
2013 2017 Racing Club CD Aves 0 Luis Fariña
0%
1996 1997 CF Os Belenenses CF Estrela Amadora 36 Mauro Airez
0%
2016 2020 CA Lanús Delfín SC 0 Óscar Benítez
0%
Aucun quiz correspondant
Distribution des résultats
% des personnes avec chaque résultat
Percentile par nombre de réponses
Votre historique - résultats
Vous n’avez pas pris ce quiz